German Formula 1 Drivers - Statistics

General Stats
  • This quiz has been taken 217 times
  • The average score is 11 of 24
Answer Stats
Year Name Teams Starts % Correct
1991-2012 Michael Schumacher Jordan (1) Benetton (68) Ferrari (180) Mercedes (58) 307
99%
2007-today Sebastian Vettel Sauber (1) Toro Rosso (25) Red Bull (113) Ferrari (118) 257
95%
2010-2020 Nico Hülkenberg Williams (19) Force India (20) Sauber (18) Force India (58) Renault (62) Racing Point (2) 179
92%
2006-16 Nico Rosberg Williams (70) Mercedes (136) 206
91%
2000-11 Nick Heidfeld Prost (16) Sauber (50) Jordan (18) Williams (13) Sauber (75) Renault (11) 183
77%
1994-2003 Heinz-Harald Frentzen Sauber (65) Williams (33) Jordan (43) Prost (5) Arrows (11) 157
76%
2007-14 Adrian Sutil Spyker (17) Force India (92) Sauber (19) 128
68%
2004-12 Timo Glock Jordan (4) Toyota (32) Virgin (36) Marussia (19) 91
66%
1997-2007 Ralf Schumacher Jordan(33) Williams (94) Toyota (53) 180
64%
1957-61 Wolfgang von Trips Ferrari (25) Porsche (1) Cooper (1) 27
63%
2016-17 Pascal Wehrlein Manor (21) Sauber (18) 39
61%
1973-82 Jochen Mass Surtees (13) McLaren (49) ATS (10) Arrows (24) March (9) 105
50%
1982-85 Manfred Winkelhock ATS (38) Brabham (1) RAM (8) 47
38%
1974-79 Hans-Joachim Stuck March (34) Brabham (14) Shadow (14) ATS (12) 74
26%
1954-55 Karl Kling Mercedes 11
26%
1984-85 Stefan Bellof Tyrell 20
23%
1985-89 Christian Danner Zakspeed (17) Osella (5) Arrows (10) Rial (4) 36
21%
1953-61 Hans Herrmann Veritas (1) Mercedes (6) Maserati (4) Cooper (1) BRM (1) Porsche (3) Brabham (1) 15
21%
1969-78 Rolf Stommelen Lotus (1) Brabham (16) Surtees (9) Eifelland (8) Lola (10) Hesketh (1) Arrows (9) 54
19%
1988-90 Bernd Schneider Zakspeed (8) Osella (1) 9
14%
1975-78 Harald Ertl Hesketh(16) Ensign (2) 18
9%
1963-67 Gerhard Mitter Porsche (2) Lotus (2) Brabham (1) 5
8%
1953-64 Edgar Barth EMW (1) Porsche (3) Cooper (1) 5
6%
1953-62 Wolfgang Seidel Veritas (1) Maserati (2) Cooper (2) Lotus (4) Emeryson (1) 10
2%
No matching quizzes found
Score Distribution
Percent of People with Each Score
Percentile by Number Answered
Your Score History
You have not taken this quiz